000
00338nam a2200133Ia 4500
008
240624s9999 xx 000 0 und d
041
_a
eng
082
_a
387.7065 CAR
100
_a
CARLZON JAN
245
_a
MOMENTS OF TRUTH
260
_c
1989
_a
New York
_b
HarperCollins Publishers
300
_a
xiii, : 135 : p. : cm. ; 20
365
_c
_b
20
999
_c
8109
_d
8109